Catálogo
 En Linea

Primer módulo de curriculum sobre educación sexual. (Registro nro. 45768)

Detalles MARC
000 -CABECERA
campo de control de longitud fija 00524nam a2200133 a 4500
001 - NÚMERO DE CONTROL
campo de control 000046279
005 - FECHA Y HORA DE LA ÚLTIMA TRANSACCIÓN
campo de control 20201002052746.0
008 - DATOS DE LONGITUD FIJA--INFORMACIÓN GENERAL
campo de control de longitud fija 150715s2004 dr 000 0 spa d
040 ## - FUENTE DE LA CATALOGACIÓN
Centro catalogador/agencia de origen DO-SdBNP
Lengua de catalogación spa
Centro/agencia transcriptor BNPHU
245 00 - MENCIÓN DE TÍTULO
Título Primer módulo de curriculum sobre educación sexual.
260 ## - PUBLICACIÓN, DISTRIBUCIÓN, ETC.
Lugar de publicación, distribución, etc. Santo Domingo :
Nombre del editor, distribuidor, etc. Centro de Adolescentes,
Fecha de publicación, distribución, etc. [190?].
300 ## - DESCRIPCIÓN FÍSICA
Extensión 11 p. : ;
Dimensiones 20 cm.
500 ## - NOTA GENERAL
Nota general Elaborado por un equipo interdiciplinario formado por profesores, orientadores y estudiantes de los liceos sencudarios del sector de Los Mina
Existencias
Estado de retiro Estado de pérdida No para préstamo Código de colección Localización permanente Ubicación/localización actual Ubicación en estantería Fecha de adquisición Número de inventario Total de préstamos Signatura topográfica completa Código de barras Fecha visto por última vez Precio válido a partir de Tipo de ítem Koha Nota pública
    Excluido de préstamo Patrimonio Dominicano Patrimonio Dominicano Patrimonio Dominicano Depósito 15.07.2015 LF1   46279-10 25.06.2020 25.06.2020 Libro y Folleto Colección Patrimonio Dominicano Perteneció a la biblioteca personal de Chiqui Vicioso / Fidelio Despradel.

Con tecnología Koha